000 00309nam a2200121Ia 4500
008 190722s9999 xx 000 0 und d
020 _a13:978-93-392-2094-5
100 _aBehrouz. Mukhopad hrar
245 0 _aCryptography And Network Security
260 _aIndia
_bMcGraw Hill.
_c2015
300 _a675
942 _cBK
999 _c25
_d25